[Event "54rd URS-ch"]
[Site "Minsk URS"]
[Date "1987.??.??"]
[Round "?"]
[White "Tseshkovsky, Vitaly"]
[Black "Chernin, Alexander"]
[Result "1/2-1/2"]
[WhiteElo "2510"]
[BlackElo "2570"]
[EventDate "1987.03.04"]
[PlyCount "152"]

1.e4 e6 2.d4 d5 3.Nd2 Nf6 4.e5 Nfd7 5.Bd3 c5 6.c3 Nc6 7.Ne2 cxd4 8.cxd4 f6
9.exf6 Nxf6 10.Nf3 Qc7 11.O-O Bd6 12.Bg5 O-O 13.Rc1 Ng4 14.Ng3 h6 15.Bd2 
Qe7 ( 15...Qb6 16.Bc3 Bf4 17.Ra1 e5 18.dxe5 Ncxe5 19.Bd4 Qd6 20.Nxe5 Nxe5 
) 16.Bb1 ( 16.Qc2 ) 16...Bd7 ( 16...Nxd4 17.Nxd4 Qh4 18.h3 Nxf2 19.Rxf2 
Rxf2 20.Nh1 ) 17.Qc2 g5 ( 17...Nf6 18.Nh4 ) 18.Qd3 ( 18.Rfe1 Qf7 19.h3 
Bxg3 20.fxg3 Nf6 ) ( 18.h3 Nf6 19.h4 g4 20.Ne5 Nxd4 21.Qg6+ Qg7 ) ( 18.
Rce1 ) 18...Qg7 ( 18...Qf7 19.h3 Nf6 ( 19...e5 20.hxg4 e4 21.Nxe4 dxe4 22.
Qxe4 ) 20.h4 g4 21.Ne5 Bxe5 22.dxe5 Nxe5 23.Qe2 ) 19.Rce1 ( 19.Nh5 Qf7 20.
h3 ( 20.Rfe1 Qf5 21.Qe2 ( 21.Qb3 Qf7 ) 21...Nxd4 22.Nxd4 Qxf2+ 23.Qxf2 
Rxf2 ) 20...e5 21.dxe5 ( 21.hxg4 e4 22.Nxg5 hxg5 23.Qh3 Nxd4 24.Bxg5 Qg6 )
21...Ncxe5 22.Nxe5 Nxe5 23.Nf6+ Kh8 ) 19...Bxg3 ( 19...Nf6 20.Ne5 ) ( 
19...Rae8 20.Nh5 Qf7 21.h3 e5 22.dxe5 Ncxe5 23.Nxe5 Nxe5 24.Nf6+ Kh8 25.
Rxe5 ) 20.fxg3 ( 20.hxg3 Rf7 ) 20...Rf7 21.h3 Nf6 22.Qe3 Raf8 23.g4 a6 24.
Ne5 ( 24.b3 ) 24...Nxe5 25.Qxe5 Ne4 ( 25...Ne8 26.Bb4 Rxf1+ 27.Rxf1 Rxf1+ 
28.Kxf1 Qxe5 29.dxe5 ) 26.Qxg7+ Kxg7 27.Rxf7+ Kxf7 28.Bxe4 dxe4 29.Rxe4 
Bc6 ( 29...Rc8 30.Bc3 Bc6 31.Re2 Bd5 32.a3 Kg6 ( 32...b6 ) ) 30.Re2 Rd8 
31.Bc3 Bd5 32.a3 Kg7 ( 32...Rc8 ) 33.Bb4 Rd7 34.Rf2 Rf7 ( 34...Bb3 ) 35.
Rc2 Bc6 36.Bd6 Kg6 37.Be5 Rf8 38.b3 Rf7 39.a4 Rf8 40.Rc3 Rf7 41.a5 Rf8 42.
b4 Rf7 43.Rc2 Rf8 44.Rb2 Rf7 45.Rc2 Kh7 46.Rc5 Kg8 47.Rc3 Kh7 48.Rc2 Kg6 
49.Rc5 Rf8 50.g3 ( 50.b5 Bxb5 51.Rc7 Rf7 52.Rc8 Bc6 ( 52...Rf1+ 53.Kh2 Bc6
54.Rg8+ Kf7 55.Rg7+ Kf8 56.Rh7 Rf2 57.h4 ) 53.Rb8 Bb5 54.Rg8+ Kh7 55.Rd8 
Bc6 56.Rd6 Bd5 57.g3 Kg6 58.h4 h5 59.Rd8 gxh4 60.Rg8+ Kh7 61.Rh8+ Kg6 62.
gxh5+ Kf5 ) 50...Rf7 51.b5 Bxb5 52.Rc8 ( 52.h4 gxh4 53.gxh4 Be2 54.h5+ Kg5
) 52...Bf1 53.h4 gxh4 54.gxh4 Be2 55.Rg8+ Kh7 56.Rh8+ Kg6 57.g5 Rh7 ( 
57...hxg5 58.Rg8+ Kh7 59.Rxg5 ) 58.Rg8+ Kf7 59.Rb8 hxg5 60.Kf2 Bb5 61.hxg5
Kg6 62.Rg8+ Kf7 63.Rc8 Kg6 64.Bf4 Bc6 65.Kg3 ( 65.Rb8 ) 65...e5 66.dxe5 
Rh3+ 67.Kxh3 ( 67.Kf2 Rf3+ ) 67...Bd7+ 68.Kh4 Bxc8 69.Bd2 Be6 70.Bc3 Bd7 
71.Bb2 Be6 72.Bd4 Bd7 73.Bb6 Kf5 74.Kh5 Kxe5 75.g6 Bf5 76.Kh6 Ke6 1/2-1/2

[Event "54rd URS-ch"]
[Site "Minsk URS"]
[Date "1987.??.??"]
[Round "?"]
[White "Tukmakov, Vladimir"]
[Black "Rashkovsky, Nukhim"]
[Result "1-0"]
[WhiteElo "2575"]
[BlackElo "2470"]
[EventDate "1987.03.04"]
[PlyCount "82"]

1.d4 Nf6 2.Nf3 e6 3.c4 Bb4+ 4.Bd2 Qe7 5.g3 Nc6 6.Nc3 Bxc3 7.Bxc3 Ne4 8.Rc1
Nb4 9.Qa4 a5 10.Bg2 O-O 11.Nd2 Nxc3 12.bxc3 Nc6 13.c5 d5 14.cxd6 cxd6 15.
Rb1 Qc7 16.Qb3 Ra6 17.O-O a4 18.Qb5 Na7 19.Qd3 d5 20.c4 dxc4 21.Qxc4 ( 21.
Nxc4 b5 22.Ne5 Bb7 23.Rfc1 Qe7 ) 21...Qxc4 22.Nxc4 b5 23.Ne5 f6 24.Nd3 Rd6
25.e3 e5 26.d5 Bg4 27.Nb4 ( 27.f3 e4 28.fxg4 exd3 ) 27...Be2 28.Rfc1 Bc4 
29.e4 Rc8 ( 29...f5 30.exf5 Rxf5 31.Bf1 Bxf1 32.Kxf1 ) 30.Rc2 Kf8 31.Rbc1 
Ke7 32.Bh3 Rc7 33.Bf1 Rb6 34.f3 ( 34.Bxc4 bxc4 35.Rxc4 Rxc4 36.Rxc4 Kd6 ) 
34...Kd6 35.Kf2 g6 36.Ke3 Rbb7 ( 36...Rcb7 ) 37.Bxc4 bxc4 38.Rxc4 Rxc4 39.
Rxc4 Rb6 40.Nd3 Nb5 41.Rxa4 Nc3 1-0